[Event "9th RTU Open 2019"]
[Site "Riga"]
[Date "2019.08.07"]
[Round "4.7"]
[White "Hovhannisyan, Robert"]
[Black "Mohammad Nubairshah Shaikh"]
[Result "1-0"]
[WhiteElo "2640"]
[BlackElo "2449"]
[Annotator "TA"]
[PlyCount "141"]
[EventDate "2019.08.05"]
[EventType "swiss"]
[EventCountry "LAT"]
[SourceTitle "playchess.com"]
[Source "ChessBase"]
[SourceQuality "1"]

{[%evp 14,141,45,23,60,58,70,55,56,56,79,73,81,72,74,71,114,118,118,118,118,118,131,103,132,111,120,71,72,52,84,0,-29,-138,0,0,0,0,0,-191,-204,-166,-107,-150,-134,-91,0,0,0,0,0,0,0,0,4,4,4,4,4,4,4,4,4,4,4,4,4,4,4,4,4,4,4,4,4,4,4,4,4,4,4,4,4,4,4,4,4,4,4,4,4,4,1470,1252,1642,1646,1247,1239,1236,1214,1040,876,29956,29956,29961,29962,29958,29959,29973,29973,29974,29975,29975,29976,29976,29976,29977,29978,29979,29979,29979,29980,29980,29980,29980,29978,29986,29987,29987,29988]} 1. e4 c5 2. Nf3 e6 3. d4 cxd4 4. Nxd4 a6 5. g3 Nf6 6. Bg2 Qc7 7. O-O Nc6 8. c4 Bc5 {A46: 1 d4 Nf6 2 Nf3 e6: Torre, London and Colle Systems} 9. Nb3 $1 {[%cal Rb3c5]} (9. Be3 Nxd4 10. Bxd4 e5 11. Bxc5 Qxc5 12. Nc3 d6 13. Qd3 Be6 14. b3 O-O 15. Rfd1 Rfd8 16. Rac1 {0-1 (55) Paravyan,D (2634)-Gordievsky,D (2614) St Petersburg 2018}) 9... Be7 10. Nc3 d6 {White is slightly better.} 11. f4 O-O 12. Be3 Na5 13. Nxa5 Qxa5 14. Rc1 $146 ({Predecessor:} 14. h3 Bd7 15. Qd2 {1-0 (28) Kanep,M (2446)-Lauk,U (2342) Tallinn 2003}) 14... Qc7 15. g4 Nd7 16. g5 Re8 17. b3 b6 18. f5 {And now f6! would win.} Ne5 19. f6 Bf8 20. Qh5 g6 21. Qh3 Bb7 22. Rf4 ({White should play} 22. Rfd1 $16) 22... h5 $11 23. Bf1 {[#]} (23. Rff1 $11) 23... Ng4 (23... d5 $1 $17 {[%cal Rd5c4][%mdl 512]} 24. cxd5 (24. exd5 Ng4 $17) 24... Ba3 25. dxe6 Bxc1 26. exf7+ Nxf7 27. Bxc1 Qc5+ 28. Qe3 Rac8 29. Qxc5 Rxc5) 24. Rxg4 $1 hxg4 25. Qxg4 {[#]} d5 $1 {[%mdl 512]} 26. Ne2 $2 (26. Nd1 $1 $11 {and White stays safe.}) (26. cxd5 Bc5) 26... Bc5 $19 27. Rc3 d4 (27... Rad8 $19 {...d4 is the strong threat.} 28. cxd5 Bxe3+ 29. Rxe3 exd5) 28. Bxd4 Bxd4+ 29. Nxd4 {Hoping for Rd3.} Qc5 (29... Qe5 $17 30. Ne2 Qc5+ 31. Kg2 Qf5) 30. Rd3 $1 $11 {aiming for Qh4.} Rad8 (30... e5 $5 31. b4 $8 Qxc4 $11) 31. b4 $1 {[%cal Rb4c5]} Qxb4 {White must now prevent ...Rxd4!} ({Not} 31... Qxc4 32. Qh4 Qxb4 {[#]} 33. Nxe6 $1 {[%mdl 512]} Rd5 34. Qh6 Qf8 35. Nxf8 Rxg5+ 36. Rg3 Rxg3+ 37. hxg3 Rxf8 38. Qg7#) 32. Qh4 {Intending Rh3 and mate.} Qc5 $1 {[#]} 33. e5 $1 {[%mdl 512]} Rd7 $132 {[%mdl 2048] Strongly threatening ...Be4! Black is not keeping still} (33... Qxe5 34. Qh6) 34. Qh6 {[%csl Gf6][%cal Rh6g7]} Qf8 35. Nf5 Rxd3 36. Ne7+ Rxe7 $1 37. Qxf8+ Kxf8 38. fxe7+ Kxe7 39. Bxd3 {[%mdl 4096] Endgame KB-KB} Kd7 40. h4 Bf3 41. Kf2 Bg4 42. Ke3 Kc6 43. Kd4 Bf3 44. Bf1 a5 45. Bd3 Kc7 46. Bc2 Bc6 47. Bd1 Kd8 48. Ke3 Ke7 49. Kf4 Kd8 50. Kg4 Be4 51. Ba4 Bb1 52. a3 {next Kf3 is good for White.} Bd3 $2 {[%mdl 8192]} (52... Be4 $11) 53. Bb5 $18 Bf1 54. Kf3 Bh3 55. Kf2 Bf5 56. Ke3 Bg4 57. Kd4 Bf5 58. c5 {White mates.} bxc5+ 59. Kxc5 Kc7 60. Be8 Kd8 61. Ba4 Kc7 62. Kb5 Be4 63. Kxa5 Bf5 64. Kb5 Be4 65. Kc5 Bf5 66. Bb5 Bc2 67. a4 {[%cal Ba3a4,Ba4a5][%mdl 32]} Bf5 68. a5 Bc2 69. Be8 Kd8 70. Bc6 Bd3 71. Kb6 {Accuracy: White = 72%, Black = 47%.} 1-0

[Event "9th RTU Open 2019"]
[Site "Riga"]
[Date "2019.08.07"]
[Round "4.8"]
[White "Haria, Ravi"]
[Black "Abasov, Nijat"]
[Result "0-1"]
[WhiteElo "2430"]
[BlackElo "2641"]
[Annotator "RC"]
[PlyCount "96"]
[EventDate "2019.08.05"]
[EventType "swiss"]
[EventCountry "LAT"]
[SourceTitle "playchess.com"]
[Source "ChessBase"]
[SourceQuality "1"]
[TimeControl "5400+30"]

1. e4 {[%emt 0:00:00]} c5 {[%emt 0:04:41]} 2. Nf3 {[%emt 0:00:00]} e6 {[%emt 0:00:05]} 3. c3 {[%emt 0:01:29]} Nf6 {[%emt 0:00:18]} 4. e5 {[%emt 0:02:13]} Nd5 {[%emt 0:00:10]} 5. Bc4 {[%emt 0:02:20]} d6 {[%emt 0:02:57]} 6. d4 {[%emt 0:02:54]} cxd4 {[%emt 0:00:28]} 7. cxd4 {[%emt 0:00:46]} Be7 {[%emt 0:00:21]} 8. O-O {[%emt 0:02:25]} O-O {[%emt 0:01:42]} 9. Bd2 {[%emt 0:01:09]} Nc6 {[%emt 0:03:59]} 10. Nc3 {[%emt 0:12:22]} dxe5 {[%emt 0:01:35]} 11. dxe5 {[%emt 0:00:22]} Nxc3 {[%emt 0:00:08]} 12. Bxc3 {[%emt 0:00:04]} b6 {[%emt 0:00:10]} 13. Qe2 {[%emt 0:00:55]} Bb7 {[%emt 0:00:08]} 14. Rfd1 {[%emt 0:01:01]} Qc7 {[%emt 0:00:10]} 15. Rac1 {[%emt 0:00:28]} Rfd8 {[%emt 0:06:38]} 16. Bd3 {[%emt 0:09:22]} Rd5 {[%emt 0:05:17]} 17. Be4 {[%emt 0:05:11]} Rxd1+ {[%emt 0:00:25]} 18. Rxd1 {[%emt 0:04:51]} Rd8 {[%emt 0:00:20]} 19. a3 {[%emt 0:03:28]} Rxd1+ {[%emt 0:06:13]} 20. Qxd1 {[%emt 0:00:28]} Na5 {[%emt 0:01:33]} 21. Qd3 {[%emt 0:03:00]} h6 {[%emt 0:06:50]} 22. h4 {[%emt 0:03:34]} Bxe4 {[%emt 0:07:24]} 23. Qxe4 {[%emt 0:00:20]} Nc6 {[%emt 0:00:09]} 24. h5 {[%emt 0:02:42]} b5 {[%emt 0:03:14]} 25. g3 {[%emt 0:09:23]} Bc5 {[%emt 0:06:14]} 26. Ne1 {[%emt 0:12:20]} a5 {[%emt 0:05:55]} 27. Nd3 {[%emt 0:00:23]} Bf8 {[%emt 0:00:15]} 28. Kg2 {[%emt 0:07:13]} Ne7 {[%emt 0:03:16]} 29. Nf4 {[%emt 0:03:46]} Nc6 {[%emt 0:00:31]} 30. Nd3 {[%emt 0:00:17]} Qd7 {[%emt 0:01:10]} 31. Kg1 {[%emt 0:03:57]} Be7 {[%emt 0:02:03]} 32. Kg2 {[%emt 0:00:25]} Qc8 {[%emt 0:01:16]} 33. Bd2 {[%emt 0:00:36]} Bd8 {[%emt 0:03:35]} 34. a4 {[%emt 0:01:39]} b4 {[%emt 0:07:09]} 35. Qc4 {[%emt 0:00:50]} Qb7 {[%emt 0:00:06]} 36. Kg1 {[%emt 0:02:41]} Bb6 {[%emt 0:00:16]} 37. Qb5 {[%emt 0:00:26]} Nd4 {[%emt 0:05:36]} 38. Qe8+ {[%emt 0:00:14]} Kh7 {[%emt 0:00:04]} 39. Ne1 {[%emt 0:01:00]} Nf3+ {[%emt 0:01:12]} 40. Nxf3 {[%emt 0:02:27]} Qxf3 {[%emt 0:00:05]} 41. Be3 {[%emt 0:00:31]} Bxe3 {[%emt 0:00:08]} 42. fxe3 {[%emt 0:00:05]} Qxg3+ {[%emt 0:05:27]} 43. Kf1 {[%emt 0:00:19]} Qf3+ {[%emt 0:00:14]} 44. Ke1 {[%emt 0:00:11]} Qxe3+ {[%emt 0:00:12]} 45. Kd1 {[%emt 0:00:14]} Qg1+ {[%emt 0:03:12]} 46. Kc2 {[%emt 0:00:21]} Qh2+ {[%emt 0:01:31]} 47. Kb3 {[%emt 0:01:32]} Qxh5 {[%emt 0:00:09]} 48. Qb5 {[%emt 0:00:46]} Qd1+ {[%emt 0:00:21]} 0-1

[Event "9th RTU Open 2019"]
[Site "Riga"]
[Date "2019.08.07"]
[Round "4.9"]
[White "Low, Zhen Yu Cyrus"]
[Black "Gajewski, Grzegorz"]
[Result "0-1"]
[WhiteElo "2413"]
[BlackElo "2613"]
[Annotator "ChessBase"]
[PlyCount "98"]
[EventDate "2019.08.05"]
[EventType "swiss"]
[EventCountry "LAT"]
[SourceTitle "playchess.com"]
[Source "ChessBase"]
[SourceQuality "1"]
[TimeControl "5400+30"]

1. e4 {[%emt 0:00:00]} c5 {[%emt 0:00:39]} 2. Nf3 {[%emt 0:00:00]} d6 {[%emt 0:00:07]} 3. Bb5+ {[%emt 0:00:00]} Bd7 {[%emt 0:01:06]} 4. Bxd7+ {[%emt 0:00:00]} Nxd7 {[%emt 0:00:04]} 5. O-O {[%emt 0:01:46]} Ngf6 {[%emt 0:00:26]} 6. Qe2 {[%emt 0:00:08]} Rc8 {[%emt 0:01:20]} 7. d4 {[%emt 0:02:08]} cxd4 {[%emt 0:00:09]} 8. Nxd4 {[%emt 0:00:10]} Qc7 {[%emt 0:01:41]} 9. b3 {[%emt 0:00:40]} a6 {[%emt 0:10:08]} 10. c4 {[%emt 0:02:07]} b5 {[%emt 0:05:15]} 11. Na3 {[%emt 0:10:47]} e5 {[%emt 0:00:53]} 12. Nf5 {[%emt 0:01:44]} g6 {[%emt 0:10:17]} 13. Ne3 {[%emt 0:00:46]} Qa5 {[%emt 0:04:05]} 14. cxb5 {[%emt 0:14:01]} d5 {[%emt 0:00:54]} 15. Nac2 {[%emt 0:13:19]} d4 {[%emt 0:01:57]} 16. Nc4 {[%emt 0:01:59]} Qxb5 {[%emt 0:00:15]} 17. f4 {[%emt 0:02:03]} Bc5 {[%emt 0:06:56]} 18. Kh1 {[%emt 0:01:41]} O-O {[%emt 0:07:07]} 19. fxe5 {[%emt 0:03:46]} Nxe5 {[%emt 0:02:12]} 20. N2a3 {[%emt 0:02:12]} d3 {[%emt 0:06:54]} 21. Qd1 {[%emt 0:09:47]} Bxa3 {[%emt 0:02:18]} 22. Bxa3 {[%emt 0:00:21]} Nxe4 {[%emt 0:01:28]} 23. Bxf8 {[%emt 0:08:26]} Rxf8 {[%emt 0:00:26]} 24. Nxe5 {[%emt 0:00:33]} Qxe5 {[%emt 0:00:07]} 25. Qf3 {[%emt 0:00:06]} d2 {[%emt 0:02:19]} 26. Qe3 {[%emt 0:01:44]} Rd8 {[%emt 0:04:58]} 27. Rad1 {[%emt 0:00:09]} f5 {[%emt 0:00:46]} 28. Kg1 {[%emt 0:02:16]} Qc3 {[%emt 0:06:01]} 29. Qxc3 {[%emt 0:02:46]} Nxc3 {[%emt 0:01:07]} 30. Kf2 {[%emt 0:00:04]} Rd3 {[%emt 0:01:03]} 31. b4 {[%emt 0:02:29]} Kf7 {[%emt 0:02:27]} 32. a4 {[%emt 0:00:31]} Ke6 {[%emt 0:00:11]} 33. b5 {[%emt 0:02:16]} axb5 {[%emt 0:00:06]} 34. axb5 {[%emt 0:01:15]} Kd6 {[%emt 0:00:22]} 35. h4 {[%emt 0:00:14]} Kc5 {[%emt 0:00:11]} 36. h5 {[%emt 0:00:06]} Kxb5 {[%emt 0:00:06]} 37. hxg6 {[%emt 0:00:06]} hxg6 {[%emt 0:00:03]} 38. g4 {[%emt 0:00:24]} fxg4 {[%emt 0:00:29]} 39. Rxd2 {[%emt 0:00:25]} Rxd2+ {[%emt 0:00:49]} 40. Kg3 {[%emt 0:00:04]} Ne4+ {[%emt 0:02:11]} 41. Kxg4 {[%emt 0:00:11]} Kc5 {[%emt 0:00:04]} 42. Rf7 {[%emt 0:01:22]} Rg2+ {[%emt 0:00:27]} 43. Kh4 {[%emt 0:00:05]} Kd5 {[%emt 0:00:41]} 44. Re7 {[%emt 0:00:07]} Rg1 {[%emt 0:01:27]} 45. Kh3 {[%emt 0:00:12]} Ng5+ {[%emt 0:00:26]} 46. Kh2 {[%emt 0:00:06]} Nf3+ {[%emt 0:00:15]} 47. Kh3 {[%emt 0:00:05]} Ne5 {[%emt 0:00:04]} 48. Kh2 {[%emt 0:00:08]} Ra1 {[%emt 0:00:51]} 49. Kg3 {[%emt 0:00:05]} Ke4 {[%emt 0:00:04]} 0-1

[Event "9th RTU Open 2019"]
[Site "Riga"]
[Date "2019.08.07"]
[Round "4.10"]
[White "Svane, Rasmus"]
[Black "Sirosh, Ilja"]
[Result "1-0"]
[WhiteElo "2615"]
[BlackElo "2407"]
[Annotator "ChessBase"]
[PlyCount "143"]
[EventDate "2019.08.05"]
[EventType "swiss"]
[EventCountry "LAT"]
[SourceTitle "playchess.com"]
[Source "ChessBase"]
[SourceQuality "1"]
[TimeControl "5400+30"]

1. Nf3 {[%emt 0:02:05]} Nf6 {[%emt 0:00:00]} 2. c4 {[%emt 0:00:10]} c5 {[%emt 0:00:00]} 3. Nc3 {[%emt 0:00:07]} d5 {[%emt 0:00:00]} 4. cxd5 {[%emt 0:00:08]} Nxd5 {[%emt 0:00:00]} 5. e3 {[%emt 0:00:10]} e6 {[%emt 0:00:20]} 6. Nxd5 {[%emt 0:05:52]} exd5 {[%emt 0:02:36]} 7. Bb5+ {[%emt 0:00:03]} Nc6 {[%emt 0:00:14]} 8. O-O {[%emt 0:00:31]} Bd6 {[%emt 0:00:17]} 9. d4 {[%emt 0:04:49]} cxd4 {[%emt 0:00:33]} 10. Qxd4 {[%emt 0:08:55]} O-O {[%emt 0:02:11]} 11. Qa4 {[%emt 0:00:02]} Re8 {[%emt 0:23:21]} 12. Bd2 {[%emt 0:14:49]} Bf5 {[%emt 0:31:00]} 13. Rfc1 {[%emt 0:17:44]} Re6 {[%emt 0:21:58]} 14. Bxc6 {[%emt 0:28:29]} bxc6 {[%emt 0:00:02]} 15. Bb4 {[%emt 0:04:09]} Be4 {[%emt 0:07:52]} 16. Bxd6 {[%emt 0:02:40]} Bxf3 {[%emt 0:02:01]} 17. Bg3 {[%emt 0:01:46]} Be4 {[%emt 0:01:49]} 18. Rxc6 {[%emt 0:00:46]} Qe8 {[%emt 0:00:52]} 19. Ra6 {[%emt 0:00:27]} Rxa6 {[%emt 0:02:46]} 20. Qxa6 {[%emt 0:00:04]} Qc8 {[%emt 0:00:05]} 21. Qxc8+ {[%emt 0:03:45]} Rxc8 {[%emt 0:00:01]} 22. Rd1 {[%emt 0:00:19]} Bc2 {[%emt 0:00:44]} 23. Re1 {[%emt 0:00:43]} f6 {[%emt 0:00:38]} 24. Bd6 {[%emt 0:00:05]} Kf7 {[%emt 0:00:40]} 25. Bb4 {[%emt 0:00:17]} Ke6 {[%emt 0:00:18]} 26. Bc3 {[%emt 0:00:47]} h5 {[%emt 0:00:34]} 27. Bd4 {[%emt 0:00:58]} a6 {[%emt 0:00:43]} 28. f3 {[%emt 0:00:12]} Bd3 {[%emt 0:00:37]} 29. Bc3 {[%emt 0:00:10]} Bc4 {[%emt 0:00:10]} 30. Ra1 {[%emt 0:00:41]} Kf5 {[%emt 0:00:49]} 31. Kf2 {[%emt 0:00:05]} Ke6 {[%emt 0:01:18]} 32. Ke1 {[%emt 0:00:02]} g5 {[%emt 0:00:50]} 33. Kd2 {[%emt 0:00:05]} f5 {[%emt 0:00:23]} 34. h3 {[%emt 0:00:58]} Rg8 {[%emt 0:00:28]} 35. Bd4 {[%emt 0:01:45]} h4 {[%emt 0:00:24]} 36. b3 {[%emt 0:01:42]} Bb5 {[%emt 0:00:01]} 37. Rc1 {[%emt 0:00:07]} g4 {[%emt 0:00:08]} 38. fxg4 {[%emt 0:01:37]} fxg4 {[%emt 0:00:01]} 39. a4 {[%emt 0:00:05]} Bd7 {[%emt 0:00:29]} 40. Rf1 {[%emt 0:00:04]} gxh3 {[%emt 0:02:11]} 41. gxh3 {[%emt 0:00:01]} Kd6 {[%emt 0:00:30]} 42. Rf4 {[%emt 0:01:11]} Bxh3 {[%emt 0:00:23]} 43. Rxh4 {[%emt 0:00:04]} Bf1 {[%emt 0:00:38]} 44. Rh6+ {[%emt 0:00:13]} Kd7 {[%emt 0:00:21]} 45. Be5 {[%emt 0:00:49]} Ke7 {[%emt 0:00:42]} 46. Kc3 {[%emt 0:00:19]} Rg4 {[%emt 0:00:29]} 47. Bd4 {[%emt 0:01:17]} Kd7 {[%emt 0:00:10]} 48. Kb4 {[%emt 0:00:09]} Rg8 {[%emt 0:00:46]} 49. Be5 {[%emt 0:00:55]} Rg5 {[%emt 0:00:32]} 50. Bd4 {[%emt 0:00:39]} Rg8 {[%emt 0:00:04]} 51. Be5 {[%emt 0:00:48]} Rg5 {[%emt 0:00:02]} 52. Bf4 {[%emt 0:00:09]} Rf5 {[%emt 0:00:51]} 53. Kc5 {[%emt 0:00:07]} a5 {[%emt 0:00:58]} 54. Kd4 {[%emt 0:01:03]} Be2 {[%emt 0:00:13]} 55. Rd6+ {[%emt 0:00:31]} Kc8 {[%emt 0:00:01]} 56. Rc6+ {[%emt 0:00:18]} Kd7 {[%emt 0:00:54]} 57. Rc5 {[%emt 0:00:31]} Bd1 {[%emt 0:00:08]} 58. Rb5 {[%emt 0:00:13]} Kc6 {[%emt 0:00:12]} 59. Kd3 {[%emt 0:00:46]} Rf7 {[%emt 0:01:34]} 60. Kd2 {[%emt 0:00:33]} Bxb3 {[%emt 0:00:13]} 61. Rxb3 {[%emt 0:00:10]} d4 {[%emt 0:00:03]} 62. Rb5 {[%emt 0:00:41]} dxe3+ {[%emt 0:00:05]} 63. Kxe3 {[%emt 0:00:41]} Rb7 {[%emt 0:01:02]} 64. Rxa5 {[%emt 0:00:12]} Rb3+ {[%emt 0:00:06]} 65. Kd2 {[%emt 0:00:22]} Kb6 {[%emt 0:00:17]} 66. Ra8 {[%emt 0:00:42]} Ra3 {[%emt 0:01:46]} 67. Be3+ {[%emt 0:00:22]} Kb7 {[%emt 0:00:14]} 68. Ra7+ {[%emt 0:00:11]} Kb8 {[%emt 0:00:11]} 69. Ra5 {[%emt 0:00:10]} Kb7 {[%emt 0:01:06]} 70. Bd4 {[%emt 0:00:08]} Rb3 {[%emt 0:00:31]} 71. Kc2 {[%emt 0:00:10]} Rb4 {[%emt 0:00:04]} 72. Kc3 {[%emt 0:00:09]} 1-0

[Event "9th RTU Open 2019"]
[Site "Riga"]
[Date "2019.08.07"]
[Round "4.11"]
[White "Krivonosov, Oleg"]
[Black "Dastan, Muhammed Batuhan"]
[Result "1/2-1/2"]
[WhiteElo "2416"]
[BlackElo "2565"]
[Annotator "ChessBase"]
[PlyCount "45"]
[EventDate "2019.08.05"]
[EventType "swiss"]
[EventCountry "LAT"]
[SourceTitle "playchess.com"]
[Source "ChessBase"]
[SourceQuality "1"]
[TimeControl "5400+30"]

1. Nf3 {[%emt 0:00:00]} f5 {[%emt 0:00:00]} 2. g3 {[%emt 0:00:01]} g6 {[%emt 0:00:00]} 3. Bg2 {[%emt 0:00:29]} Bg7 {[%emt 0:00:00]} 4. d4 {[%emt 0:00:27]} Nf6 {[%emt 0:00:00]} 5. O-O {[%emt 0:00:36]} O-O {[%emt 0:00:00]} 6. b3 {[%emt 0:01:15]} d6 {[%emt 0:00:29]} 7. Bb2 {[%emt 0:00:18]} c6 {[%emt 0:00:04]} 8. c4 {[%emt 0:01:19]} a5 {[%emt 0:00:05]} 9. Nc3 {[%emt 0:01:43]} Na6 {[%emt 0:00:06]} 10. d5 {[%emt 0:01:01]} Bd7 {[%emt 0:00:36]} 11. Rb1 {[%emt 0:07:14]} Nc5 {[%emt 0:04:35]} 12. Nd4 {[%emt 0:02:29]} Rc8 {[%emt 0:10:01]} 13. Ba1 {[%emt 0:09:31]} Qe8 {[%emt 0:03:45]} 14. Qd2 {[%emt 0:05:41]} Qf7 {[%emt 0:06:16]} 15. Rbd1 {[%emt 0:14:27]} a4 {[%emt 0:28:08]} 16. Nxa4 {[%emt 0:05:39]} Nxa4 {[%emt 0:12:07]} 17. bxa4 {[%emt 0:02:00]} Ne4 {[%emt 0:00:27]} 18. Qe3 {[%emt 0:11:57]} cxd5 {[%emt 0:00:52]} 19. cxd5 {[%emt 0:00:08]} Rc4 {[%emt 0:01:23]} 20. Qb3 {[%emt 0:08:27]} Rfc8 {[%emt 0:00:13]} 21. Nc6 {[%emt 0:02:40]} Bxa1 {[%emt 0:04:11]} 22. Rxa1 {[%emt 0:02:39]} R8xc6 {[%emt 0:01:21]} 23. dxc6 {[%emt 0:04:06]} 1/2-1/2

[Event "9th RTU Open 2019"]
[Site "Riga"]
[Date "2019.08.07"]
[Round "4.12"]
[White "Tania, Sachdev"]
[Black "Theodorou, Nikolas"]
[Result "0-1"]
[WhiteElo "2401"]
[BlackElo "2543"]
[Annotator "ChessBase"]
[PlyCount "64"]
[EventDate "2019.08.05"]
[EventType "swiss"]
[EventCountry "LAT"]
[SourceTitle "playchess.com"]
[Source "ChessBase"]
[SourceQuality "1"]
[TimeControl "5400+30"]

1. d4 {[%emt 0:00:00]} Nf6 {[%emt 0:05:43]} 2. c4 {[%emt 0:00:00]} g6 {[%emt 0:00:07]} 3. Nc3 {[%emt 0:00:00]} Bg7 {[%emt 0:00:05]} 4. e4 {[%emt 0:00:22]} d6 {[%emt 0:00:05]} 5. h3 {[%emt 0:00:38]} O-O {[%emt 0:00:22]} 6. Bg5 {[%emt 0:00:02]} c6 {[%emt 0:04:53]} 7. Qd2 {[%emt 0:10:08]} d5 {[%emt 0:07:37]} 8. cxd5 {[%emt 0:23:46]} cxd5 {[%emt 0:00:10]} 9. Bxf6 {[%emt 0:00:03]} exf6 {[%emt 0:05:07]} 10. exd5 {[%emt 0:00:03]} Re8+ {[%emt 0:03:33]} 11. Be2 {[%emt 0:00:08]} b5 {[%emt 0:00:30]} 12. Nxb5 {[%emt 0:15:20]} Qxd5 {[%emt 0:12:28]} 13. Kf1 {[%emt 0:16:44]} Bb7 {[%emt 0:03:29]} 14. Nf3 {[%emt 0:00:28]} Na6 {[%emt 0:00:30]} 15. Kg1 {[%emt 0:04:14]} Re7 {[%emt 0:09:51]} 16. Kh2 {[%emt 0:11:18]} Bh6 {[%emt 0:01:49]} 17. Qd1 {[%emt 0:06:54]} Rae8 {[%emt 0:15:30]} 18. Bf1 {[%emt 0:00:04]} Bf4+ {[%emt 0:04:56]} 19. Kg1 {[%emt 0:00:02]} Nc7 {[%emt 0:01:22]} 20. Nc3 {[%emt 0:04:01]} Qh5 {[%emt 0:03:24]} 21. Ne2 {[%emt 0:02:21]} Nd5 {[%emt 0:05:07]} 22. Ng3 {[%emt 0:00:35]} Qh6 {[%emt 0:02:45]} 23. Bb5 {[%emt 0:01:54]} Ne3 {[%emt 0:06:16]} 24. fxe3 {[%emt 0:01:26]} Bxg3 {[%emt 0:00:21]} 25. Qd2 {[%emt 0:00:09]} Rb8 {[%emt 0:02:10]} 26. Nh2 {[%emt 0:00:47]} f5 {[%emt 0:01:54]} 27. Nf1 {[%emt 0:00:17]} f4 {[%emt 0:00:45]} 28. e4 {[%emt 0:01:14]} Qh4 {[%emt 0:00:59]} 29. d5 {[%emt 0:00:58]} Rxe4 {[%emt 0:00:38]} 30. Bc6 {[%emt 0:00:29]} Ba6 {[%emt 0:00:45]} 31. Nxg3 {[%emt 0:00:13]} fxg3 {[%emt 0:00:10]} 32. d6 {[%emt 0:00:12]} Qd8 {[%emt 0:01:05]} 0-1

[Event "9th RTU Open 2019"]
[Site "Riga"]
[Date "2019.08.07"]
[Round "4.13"]
[White "Meshkovs, Nikita"]
[Black "Akash G"]
[Result "1-0"]
[WhiteElo "2550"]
[BlackElo "2394"]
[Annotator "ChessBase"]
[PlyCount "75"]
[EventDate "2019.08.05"]
[EventType "swiss"]
[EventCountry "LAT"]
[SourceTitle "playchess.com"]
[Source "ChessBase"]
[SourceQuality "1"]
[TimeControl "5400+30"]

1. Nf3 {[%emt 0:00:00]} Nf6 {[%emt 0:00:17]} 2. c4 {[%emt 0:00:00]} g6 {[%emt 0:00:22]} 3. Nc3 {[%emt 0:00:06]} Bg7 {[%emt 0:00:06]} 4. e4 {[%emt 0:00:08]} d6 {[%emt 0:00:05]} 5. d4 {[%emt 0:00:06]} O-O {[%emt 0:00:07]} 6. h3 {[%emt 0:00:28]} e5 {[%emt 0:00:21]} 7. d5 {[%emt 0:00:08]} a5 {[%emt 0:00:14]} 8. g4 {[%emt 0:00:13]} Na6 {[%emt 0:00:26]} 9. Be3 {[%emt 0:00:10]} Nd7 {[%emt 0:00:46]} 10. a3 {[%emt 0:00:09]} Nac5 {[%emt 0:00:16]} 11. Rg1 {[%emt 0:03:31]} a4 {[%emt 0:02:02]} 12. Nd2 {[%emt 0:00:08]} c6 {[%emt 0:00:25]} 13. Qc2 {[%emt 0:00:09]} b6 {[%emt 0:02:13]} 14. O-O-O {[%emt 0:03:26]} Ba6 {[%emt 0:02:31]} 15. Kb1 {[%emt 0:04:33]} cxd5 {[%emt 0:07:03]} 16. cxd5 {[%emt 0:02:42]} Bxf1 {[%emt 0:10:29]} 17. Rdxf1 {[%emt 0:04:01]} b5 {[%emt 0:03:04]} 18. Rc1 {[%emt 0:07:09]} Rc8 {[%emt 0:15:20]} 19. Na2 {[%emt 0:04:25]} Nb8 {[%emt 0:04:24]} 20. Nb4 {[%emt 0:04:47]} Qd7 {[%emt 0:02:14]} 21. Qd1 {[%emt 0:03:05]} Kh8 {[%emt 0:07:48]} 22. h4 {[%emt 0:09:11]} Nca6 {[%emt 0:06:25]} 23. Nd3 {[%emt 0:11:29]} Rxc1+ {[%emt 0:03:40]} 24. Qxc1 {[%emt 0:00:35]} Rc8 {[%emt 0:01:11]} 25. Qf1 {[%emt 0:04:11]} f5 {[%emt 0:05:14]} 26. gxf5 {[%emt 0:06:06]} gxf5 {[%emt 0:00:07]} 27. f4 {[%emt 0:01:42]} Nc5 {[%emt 0:10:15]} 28. Bxc5 {[%emt 0:05:57]} fxe4 {[%emt 0:01:13]} 29. Nxe4 {[%emt 0:09:14]} dxc5 {[%emt 0:00:06]} 30. f5 {[%emt 0:07:19]} Qxd5 {[%emt 0:02:17]} 31. Ndxc5 {[%emt 0:03:08]} Rxc5 {[%emt 0:03:47]} 32. Nxc5 {[%emt 0:00:07]} Qxc5 {[%emt 0:00:04]} 33. f6 {[%emt 0:00:07]} Bh6 {[%emt 0:01:05]} 34. f7 {[%emt 0:02:48]} Bg7 {[%emt 0:00:05]} 35. Qg2 {[%emt 0:00:02]} Qf8 {[%emt 0:00:43]} 36. Qb7 {[%emt 0:00:02]} Qd8 {[%emt 0:05:30]} 37. Qxb5 {[%emt 0:00:29]} Nd7 {[%emt 0:03:05]} 38. Rd1 {[%emt 0:00:12]} 1-0

[Event "9th RTU Open 2019"]
[Site "Riga"]
[Date "2019.08.07"]
[Round "4.14"]
[White "Deepan Chakkravarthy J."]
[Black "Seeman, Tarvo"]
[Result "1-0"]
[WhiteElo "2532"]
[BlackElo "2377"]
[Annotator "ChessBase"]
[PlyCount "49"]
[EventDate "2019.08.05"]
[EventType "swiss"]
[EventCountry "LAT"]
[SourceTitle "playchess.com"]
[Source "ChessBase"]
[SourceQuality "1"]
[TimeControl "5400+30"]

1. d4 {[%emt 0:00:30]} Nf6 {[%emt 0:02:21]} 2. c4 {[%emt 0:00:04]} g6 {[%emt 0:00:40]} 3. Nc3 {[%emt 0:00:05]} Bg7 {[%emt 0:00:06]} 4. e4 {[%emt 0:00:04]} d6 {[%emt 0:00:17]} 5. f3 {[%emt 0:00:05]} O-O {[%emt 0:06:32]} 6. Nge2 {[%emt 0:00:06]} Nc6 {[%emt 0:04:08]} 7. Be3 {[%emt 0:00:10]} a6 {[%emt 0:00:21]} 8. Qd2 {[%emt 0:00:05]} Na5 {[%emt 0:00:22]} 9. Ng3 {[%emt 0:02:25]} b5 {[%emt 0:00:48]} 10. Bh6 {[%emt 0:00:05]} Bxh6 {[%emt 0:08:19]} 11. Qxh6 {[%emt 0:00:40]} Nxc4 {[%emt 0:00:18]} 12. Bxc4 {[%emt 0:00:05]} bxc4 {[%emt 0:00:05]} 13. h4 {[%emt 0:00:04]} c5 {[%emt 0:07:01]} 14. d5 {[%emt 0:15:43]} e6 {[%emt 0:01:59]} 15. h5 {[%emt 0:00:15]} exd5 {[%emt 0:13:02]} 16. Nxd5 {[%emt 0:00:14]} Ra7 {[%emt 0:00:21]} 17. Nc3 {[%emt 0:00:32]} d5 {[%emt 0:32:30]} 18. O-O-O {[%emt 0:05:48]} d4 {[%emt 0:03:34]} 19. e5 {[%emt 0:02:04]} Nd5 {[%emt 0:03:29]} 20. Nge4 {[%emt 0:00:14]} f5 {[%emt 0:01:37]} 21. Nxd5 {[%emt 0:14:32]} fxe4 {[%emt 0:00:08]} 22. fxe4 {[%emt 0:00:28]} Be6 {[%emt 0:01:50]} 23. hxg6 {[%emt 0:02:58]} Bxd5 {[%emt 0:00:18]} 24. exd5 {[%emt 0:00:20]} c3 {[%emt 0:01:42]} 25. bxc3 {[%emt 0:02:51]} 1-0